<?xml version="1.0" encoding="UTF-8"?>
<marc:record xmlns:marc="http://www.loc.gov/MARC21/slim">
   <marc:leader>00000nam a2200000 a 4500</marc:leader>
   <marc:datafield ind1="1" ind2=" " tag="100">
      <marc:subfield code="a">Cedar, Joseph</marc:subfield>
      <marc:subfield code="4">aut</marc:subfield>
      <marc:subfield code="e">Verfasser/-in</marc:subfield>
   </marc:datafield>
   <marc:datafield ind1="1" ind2=" " tag="100">
      <marc:subfield code="a">Gainsbourg, Charlotte</marc:subfield>
   </marc:datafield>
   <marc:datafield ind1="1" ind2=" " tag="100">
      <marc:subfield code="a">Buscemi, Steve</marc:subfield>
   </marc:datafield>
   <marc:datafield ind1="1" ind2=" " tag="100">
      <marc:subfield code="a">Azaria, Hank</marc:subfield>
   </marc:datafield>
   <marc:datafield ind1="1" ind2=" " tag="100">
      <marc:subfield code="a">Ashkenazi, Lior</marc:subfield>
   </marc:datafield>
   <marc:datafield ind1="1" ind2=" " tag="100">
      <marc:subfield code="a">Gere, Richard</marc:subfield>
   </marc:datafield>
   <marc:datafield ind1=" " ind2=" " tag="653">
      <marc:subfield code="a">Vereinigte Staaten</marc:subfield>
   </marc:datafield>
   <marc:datafield ind1=" " ind2=" " tag="653">
      <marc:subfield code="a">Politthriller</marc:subfield>
   </marc:datafield>
   <marc:datafield ind1=" " ind2=" " tag="653">
      <marc:subfield code="a">New York</marc:subfield>
   </marc:datafield>
   <marc:datafield ind1=" " ind2=" " tag="653">
      <marc:subfield code="a">Spielfilm</marc:subfield>
   </marc:datafield>
   <marc:datafield ind1=" " ind2=" " tag="653">
      <marc:subfield code="a">Israel</marc:subfield>
   </marc:datafield>
   <marc:datafield ind1=" " ind2=" " tag="653">
      <marc:subfield code="a">Drama</marc:subfield>
   </marc:datafield>
   <marc:datafield ind1="0" ind2="0" tag="245">
      <marc:subfield code="a">Norman</marc:subfield>
   </marc:datafield>
   <marc:datafield ind1="0" ind2="0" tag="245">
      <marc:subfield code="b">Der bescheidene Aufstieg und tragische Fall eines New Yorker Geschäftsmanns</marc:subfield>
   </marc:datafield>
   <marc:datafield ind1="0" ind2="0" tag="245">
      <marc:subfield code="c">Cedar Joseph</marc:subfield>
   </marc:datafield>
   <marc:datafield ind1=" " ind2="1" tag="264">
      <marc:subfield code="a">München</marc:subfield>
      <marc:subfield code="b">Sony Pictures Home Entertainment</marc:subfield>
      <marc:subfield code="c">2016</marc:subfield>
   </marc:datafield>
   <marc:datafield ind1="1" ind2=" " tag="520">
      <marc:subfield code="a">Norman Oppenheimer (Richard Gere) lebt ein einsames Leben am Rande der Reichen und Einflussreichen New York Citys und versucht, jedermanns Freund zu werden. Seine unaufhörlichen Versuche, Kontakte zu knüpfen, führen ins nirgendwo, bis er an einem sehr schwarzen Tag in seinem Leben den jungen und charismatischen Politiker Micha Eshel (Lior Ashkenazi) trifft. Drei Jahre später wird aus diesem Politiker der Premierminister Israels. Norman nutzt Eshels Namen, um seinen bisher größten Deal zu landen: Eine Reihe von Tauschgeschäften, die den Premierminister mit Normans Neffen (Michael Sheen), einem Rabbi (Steve Buscemi), einem Multimillionär (Harris Yulin), seinem Assistenten (Dan Stevens) und einem Finanzinspektor von der Elfenbeinküste verknüpfen sollen. Normans Pläne laufen schnell in die falsche Richtung und beschwören eine internationale Katastrophe herauf, die er nun verhindern muss. &#x93;Norman&#x94; ist ein unterhaltsamer und leidenschaftlicher Film über einen Mann, dessen Untergang in der menschlichen Schwäche verwurzelt ist, die man nur zu leicht vergibt: Das Bedürfnis, eine Rolle zu spielen.</marc:subfield>
   </marc:datafield>
   <marc:datafield ind1=" " ind2=" " tag="020">
      <marc:subfield code="a">4030521751231</marc:subfield>
      <marc:subfield code="9">4030521751231</marc:subfield>
   </marc:datafield>
   <marc:datafield ind1="0" ind2=" " tag="490">
      <marc:subfield code="v">0</marc:subfield>
   </marc:datafield>
   <marc:datafield ind1=" " ind2=" " tag="300">
      <marc:subfield code="a">ca. 113 Min.</marc:subfield>
   </marc:datafield>
</marc:record>
